Estado y movimientos étnicos en Ecuador /
Guardado en:
| Autor principal: | |
|---|---|
| Formato: | Desconocido |
| Publicado: |
Buenos Aires:
CLACSO
|
| Materias: | |
| Etiquetas: |
Agregar Etiqueta
Sin Etiquetas, Sea el primero en etiquetar este registro!
|
MARC
| LEADER | 00000 a2200000 04500 | ||
|---|---|---|---|
| 001 | 38617 | ||
| 003 | cru IIS | ||
| 005 | 20230502135129.0 | ||
| 008 | 991231s d | ||
| 020 | |a 950-9231-92-4 | ||
| 022 | |a 950-9231-92-4 | ||
| 040 | |c CRAI/IIS | ||
| 090 | |a 0007 S478m | ||
| 100 | 1 | |a Rhon Dávila, Francisco |9 11221 | |
| 245 | |a Estado y movimientos étnicos en Ecuador / |c Francisco Rhon Dávila | ||
| 260 | |a Buenos Aires: |b CLACSO | ||
| 300 | |a 127-142 p. | ||
| 650 | |a POBLACION INDIGENA | ||
| 650 | |a MOVIMIENTOS CAMPESINOS | ||
| 650 | |a MOVIMIENTOS SOCIALES | ||
| 650 | |a ESTADO | ||
| 650 | |a CRISIS | ||
| 650 | |a PARTICIPACION POLITICA | ||
| 650 | |a ECUADOR | ||
| 773 | 0 | |0 684 |9 2141 |a Alvarez Gándara, Miguel |d Buenos Aires: CLACSO 2004 |o 06004 |t Movimientos sociales y conflicto en América Latina / |w (cru CIDCACS/IIS)38618 |x 950-9231-92-4 |z 950-9231-92-4 | |
| 942 | |2 ddc |c LI | ||
| 999 | |c 16410 |d 16410 | ||



